IFM Opac

The Social Context of Economic Behavior (Record no. 17858)

MARC details
000 -LEADER
fixed length control field 00384nam a22001337a 4500
082 ## - DEWEY DECIMAL CLASSIFICATION NUMBER
Classification number 301. 51TUC
100 ## - MAIN ENTRY--PERSONAL NAME
Personal name Tucker, W. T
245 ## - TITLE STATEMENT
Title The Social Context of Economic Behavior
260 ## - PUBLICATION, DISTRIBUTION, ETC.
Place of publication, distribution, etc. London
Name of publisher, distributor, etc. HOLT, RINEHART AND WNSTON, INC
Date of publication, distribution, etc. 1964
300 ## - PHYSICAL DESCRIPTION
Extent ix,161Pg
Other physical details ill.;22cm
500 ## - GENERAL NOTE
General note Includes Index and Reference
650 ## - SUBJECT ADDED ENTRY--TOPICAL TERM
Topical term or geographic name entry element The Social Context of Economic Behavior
942 ## - ADDED ENTRY ELEMENTS (KOHA)
Koha item type Books
Holdings
Withdrawn status Lost status Damaged status Not for loan Home library Current library Shelving location Date acquired Total Checkouts Full call number Barcode Date last seen Price effective from Koha item type
Withdrawn       IFM Main Campus Library IFM Main Campus Library Archival Collection 08/07/2017   301. 51TUC 0000006904 08/07/2017 02/19/2022 Books